| 000 | 004330000a22001690004500 | ||
|---|---|---|---|
| 003 | LK-CoMWRAF | ||
| 008 | 230817t ||||| |||| 00| 0 eng d | ||
| 040 |
_aLK-CoMWRAF _dLK-CoMWRAF _eLK-CoMWRAF |
||
| 041 | _aeng | ||
| 082 |
_a360 _bACH |
||
| 100 | _aAcharya, Nanthakishor | ||
| 245 |
_aMahabarathil penniyam _bIru nadahankal |
||
| 260 |
_aMadras _Alaigal veliyeedakam _c1996 |
||
| 300 | _ap.108 | ||
| 650 | _afeminism | ||
| 942 | _cBK | ||
| 999 |
_c2857 _d2857 |
||